Catálogo
 En Linea

Guía de limpieza y desinfección de superficies hospitalarias : (Registro nro. 49406)

Detalles MARC
000 -CABECERA
campo de control de longitud fija 01122nam a22002537a 4500
003 - IDENTIFICADOR DEL NÚMERO DE CONTROL
campo de control OSt
005 - FECHA Y HORA DE LA ÚLTIMA TRANSACCIÓN
campo de control 20250611073818.0
008 - DATOS DE LONGITUD FIJA--INFORMACIÓN GENERAL
campo de control de longitud fija 210218b 2020 dr a 00| 0 eng d
020 ## - NÚMERO INTERNACIONAL ESTÁNDAR DEL LIBRO
Número Internacional Estándar del Libro 9789945591866
040 ## - FUENTE DE LA CATALOGACIÓN
Centro catalogador/agencia de origen DO-SdBNP
Lengua de catalogación spa
Centro/agencia transcriptor BNPHU
082 #4 - NÚMERO DE LA CLASIFICACIÓN DECIMAL DEWEY
Número de clasificación 362.11097293
Número de documento/Ítem R426g
Número de edición 22
110 1# - ENTRADA PRINCIPAL--NOMBRE DE ENTIDAD CORPORATIVA
Nombre de entidad corporativa o nombre de jurisdicción como elemento de entrada República Dominicana.
Unidad subordinada Ministerio de Salud Pública
9 (RLIN) 80830
245 10 - MENCIÓN DE TÍTULO
Título Guía de limpieza y desinfección de superficies hospitalarias :
Resto del título medidas básicas de higiene para el control de las Infecciones Asociadas a la Atención en Salud en establecimientos de salud públicos y privados /
Mención de responsabilidad, etc. cuidado de la edición: Dra. Francini Placencia Lic. Dayanara Lara.
260 ## - PUBLICACIÓN, DISTRIBUCIÓN, ETC.
Lugar de publicación, distribución, etc. Santo Domingo :
Nombre del editor, distribuidor, etc. Ministerio de Salud Pública,
Fecha de publicación, distribución, etc. 2020.
300 ## - DESCRIPCIÓN FÍSICA
Extensión 59 p. ;
Otras características físicas il. ;
Dimensiones 26 cm.
504 ## - NOTA DE BIBLIOGRAFÍA, ETC.
Nota de bibliografía, etc. Bibliografía : p. 59
590 ## - NOTA LOCAL (RLIN)
Nota local Inventariado, 2021 /LP<br/>
650 #7 - PUNTO DE ACCESO ADICIONAL DE MATERIA--TÉRMINO DE MATERIA
Término de materia o nombre geográfico como elemento de entrada Hospitales
9 (RLIN) 76843
Fuente del encabezamiento o término LEMB
Subdivisión geográfica República Dominicana
650 #7 - PUNTO DE ACCESO ADICIONAL DE MATERIA--TÉRMINO DE MATERIA
Término de materia o nombre geográfico como elemento de entrada Edificios sanitarios
Subdivisión general Saneamiento
9 (RLIN) 87148
700 1# - PUNTO DE ACCESO ADICIONAL--NOMBRE DE PERSONA
Nombre de persona Placencia, Francini,
Término indicativo de función/relación edición
9 (RLIN) 77840
700 1# - PUNTO DE ACCESO ADICIONAL--NOMBRE DE PERSONA
Nombre de persona Lara, Dayanara,
Término indicativo de función/relación edición
9 (RLIN) 77841
910 ## - DATOS DE OPCIÓN DEL USUARIO (OCLC)
Datos de opción del usuario Validado. Control de calidad MFF
942 ## - ELEMENTOS DE PUNTO DE ACCESO ADICIONAL (KOHA)
Fuente del sistema de clasificación o colocación Dewey Decimal Classification
Tipo de ítem Koha Libro
Existencias
Estado de retiro Estado de pérdida Fuente del sistema de clasificación o colocación Restricciones de uso No para préstamo Código de colección Localización permanente Ubicación/localización actual Ubicación en estantería Fecha de adquisición Fuente de adquisición Total de préstamos Signatura topográfica completa Código de barras Fecha visto por última vez Precio válido a partir de Tipo de ítem Koha Número de copia
    Dewey Decimal Classification Préstamo en sala   Monografías: Libros y Folletos Biblioteca Nacional Pedro Henríquez Ureña General Depósito 18.02.2021 Ministerio de Salud Pública   BNPHU DS 362.1097293 R426g 2021-0283 18.02.2021 18.02.2021 Libro e. 3
    Dewey Decimal Classification Excluido de préstamo Excluido de préstamo Monografías: Libros y Folletos Biblioteca Nacional Pedro Henríquez Ureña Patrimonio Dominicano Depósito 18.02.2021 Ministerio de Salud Pública   BNPHU PD 362.1097293 R426g 2021-0280 18.02.2021 18.02.2021 Libro  
    Dewey Decimal Classification Excluido de préstamo Préstamo restrigido Monografías: Libros y Folletos Biblioteca Nacional Pedro Henríquez Ureña Patrimonio Dominicano Depósito 18.02.2021 Ministerio de Salud Pública   BNPHU PD 362.1097293 R426g 2021-0282 18.02.2021 18.02.2021 Libro e. 2

Con tecnología Koha